Sacred Places : Sites Of Spirituality And Faith (Record no. 13667)

MARC details
000 -LEADER
fixed length control field 00415nam a2200157Ia 4500
008 - FIXED-LENGTH DATA ELEMENTS--GENERAL INFORMATION
fixed length control field 220803s9999 xx 000 0 und d
020 ## - INTERNATIONAL STANDARD BOOK NUMBER
International Standard Book Number 1-84442-630-0
041 ## - LANGUAGE CODE
Language code of text/sound track or separate title eng
082 ## - DEWEY DECIMAL CLASSIFICATION NUMBER
Classification number 722 HIN
100 ## - MAIN ENTRY--PERSONAL NAME
Personal name Hind R
9 (RLIN) 20338
245 ## - TITLE STATEMENT
Title Sacred Places : Sites Of Spirituality And Faith
260 ## - PUBLICATION, DISTRIBUTION, ETC. (IMPRINT)
Place of publication, distribution, etc. London
Name of publisher, distributor, etc. Carlton Books
Date of publication, distribution, etc. 2007
300 ## - PHYSICAL DESCRIPTION
Extent 256p
500 ## - GENERAL NOTE
Keywords Architecture
650 ## - SUBJECT ADDED ENTRY--TOPICAL TERM
Topical term or geographic name as entry element Architectural History
9 (RLIN) 20339
Holdings
Withdrawn status Lost status Damaged status Not for loan Collection code Home library Current library Shelving location Date acquired Vendor Cost, normal purchase price Full call number Barcode Date last seen Cost, replacement price Bill Date Koha item type Original Barcode
      Reference Book of B Arch Dr. Bhanuben Nanavati College of Architecture Dr. Bhanuben Nanavati College of Architecture   20/02/2009 Pritam Book Centre 1101.01 720.91 HIN BNCA-BK-6405 03/08/2022 1295.00 27/01/2009 Books B006405